000 00732nam a2200193Ii 4500
003 JO-AjNU
008 230605s9999||||xx |||||||||||||| ||und||
040 _aJO-AjNU
_bara
_erda
_cJO-AjNU
041 _aara
050 1 4 _aPN3373.L6812 1996
100 3 _aتأليف لوهان، سوزان ؛ ترجمة محمد نجيب لفتة ,
_eauthor
_916127
245 0 0 _aفن القصة القصيرة من الأدب العالمي
264 3 1 _aبغداد: دار الشؤون الثقافية العامة، 1996
300 _a174ص
336 _atext
_btxt
_2rdacontent
337 _aunmediated
_bn
_2rdamedia
338 _avolume
_bnc
_2rdacarrier
650 4 _aالأدب العالمي - قصص قصيرة - تحليل ونقد
_916128
999 _aA4710
_c8278
_d8278